Statistiques concernant Olympique de Marseille - Quiz

Cliquez ici pour prendre le quiz!

Statistiques générales

  • Ce quiz a été pris 2 202 fois
  • Le résultat moyen est 10 sur 18

Statistiques - réponses

HintRéponse% Correct
Nom du StadeOrange Velodrome
93%
SloganDroit au but
90%
Année de Création1899
87%
Nombre de titre Champion de France9
87%
Joueur le plus capéSteve Mandanda
85%
1Dimitri Payet
83%
Entraineur ActuelAndré Villas-Boas
70%
Président ActuelJacques-Henri Eyraud
57%
2Didier Drogba
56%
4André-Pierre Gignac
49%
2Kevin Strootman
45%
1Michy Batshuayi
41%
3André-Frank Zambo Anguissa
38%
4Franck Ribéry
36%
Meilleur ButeurGunnar Anderson
35%
3Duje Ćaleta-Car
25%
3Lucho González
24%
5Giannelli Imbula
16%

Distribution des résultats

Percentile par nombre de réponses

% des personnes avec chaque résultat

Votre développement - résultats

Vous n’avez pas pris ce quiz